|
|
|
|
| LEADER |
00724cam a2200217 7i4500 |
| 001 |
0000016104 |
| 005 |
20191009090000.0 |
| 008 |
070704 eng |
| 020 |
|
|
|a 9780072831061
|
| 020 |
|
|
|a 0072831065 (pbk.)
|
| 090 |
0 |
0 |
|a QA152.3
|b .B45 2006
|
| 100 |
1 |
|
|a Bello, Ignacio
|
| 245 |
1 |
0 |
|a Intermediate algebra :
|b a real-world approach
|c Ignacio Bello, Fran Hopf.
|
| 250 |
|
|
|a 2nd ed.
|
| 260 |
|
|
|a Boston:
|b McGraw-Hill Higher Education,
|c 2006.
|
| 300 |
|
|
|a xxxvi, 828 p.:
|b ill.;
|c 28 cm.
|
| 500 |
|
|
|a Includes index
|
| 650 |
0 |
0 |
|a Algebra
|
| 700 |
1 |
|
|a Hopf, Fran
|
| 997 |
|
|
|a Engineering & Life Sciences, Faculty
|b Engineering, Department
|
| 999 |
|
|
|a 0000019492
|b BOK
|c OPEN SHELF
|e 2nd Floor, Bestari Jaya
|